Countries with sea otters - Statistics

General Stats
  • This quiz has been taken 42 times
  • The average score is 4 of 5
Answer Stats
Answer % Correct
United States
100%
Canada
93%
Mexico
78%
Russia
78%
Japan
71%
No matching quizzes found
Score Distribution
Percent of People with Each Score
Percentile by Number Answered
Your Score History
You have not taken this quiz